Statistiques concernant Culture Générale - Série 1658

Cliquez ici pour prendre le quiz!

Statistiques générales

  • Ce quiz a été pris 123 fois
  • Le résultat moyen est 5 sur 10

Statistiques - réponses

QuestionRéponse% Correct
Quel adjectif dérivé du mot "lune" qualifie une personne au caractère changeant ?lunatique
94%
Qui qualifie-t-on couramment de "faux" lorsqu'ils sont dizygotes ?jumeaux
86%
Quel mot rimant avec "panade" désigne un liquide bien aromatisé, dans lequel on laisse baigner le poisson ou la viande avant la cuisson ?marinade
75%
Quel est l'infinitif du verbe, dans l'expression : "Je vous saurais gré" ?savoir
75%
De quel pays d'Amérique du Sud, Georgetown est-elle la capitale ?Guyana
57%
Qu'appelle-t-on familièrement "un bitos" ou encore "un galurin" ?chapeau
46%
Quelle branche de l'ébénisterie est spécialisée dans les ouvrages décoratifs faits de pièces de bois précieux, juxtaposées sur un fond de menuiserie et créant des motifs variés ?marqueterie
36%
Dans quel roman de Ray Bradbury, adapté au cinéma par François Truffaut, les livres sont-ils interdits et détruits ?Fahrenheit 451
25%
Dans un jeu de tarot traditionnel, de quel instrument joue le personnage représenté sur l'excuse ?mandoline
23%
Dans quel département français est située la commune "Y" ?Somme
13%

Distribution des résultats

Percentile par nombre de réponses

% des personnes avec chaque résultat

Votre développement - résultats

Vous n’avez pas pris ce quiz